000 00643nam a2200229 i 4500
001 142785
003 ES-MaACL
005 20230906200624.0
007 t|
008 071010s1972 sp ||||1| spa d
080 _a78(023)
100 1 _aVidal Alcover, Jaume.
_9114465
245 1 3 _aLa música /
_cJaume Vidal Alcover.
250 _a[1ª ed.].
260 _aBarcelona :
_bBruguera,
_c[1972]
300 _a220 p. ;
_c18 cm.
490 1 _aColección Si-No ;
_v22
650 1 4 _aMúsica-
_vObras de divulgación.
_915397
830 0 _aColección Si-No ;
_v22
_9220513
852 _aES-MaACL
_jC-45414
_bR.83443
999 _c142785
_d142785